000 00526nam a2200217Ia 4500
003 OSt
005 20220928150027.0
006 a|||||r|||| 00| 0
007 ta
008 220927b |||||||| |||| 00| 0 eng d
024 _a86602
037 _cTextual
040 _aSDCL
_cSDCL
_beng
041 _2eng
_aeng
082 _aX:8, K9
100 _aGutenberg Arthur W
_9514954
245 0 _aDynamic of management
260 _c1969
942 _hX:8, K9
_cTEXL
_2CC
999 _c838707
_d838707